LEADER 01227nam a2200289 a 4500 001 000000127291 003 CaOOAMICUS 005 20120124103956.0 008 120124s2010 fr 000 u fre r 020 $a978-2-7010-1571-2 040 $aPUL$bita 100 1 $aMinnerath, Roland.$0(OLS)http://pul/name/18196 245 13$aLa primauté de l'évêque de Rome et l'unité de l'église du Christ /$cRoland Minnerath. 260 $aParis :$bBeauchesne,$c2010. 300 $a190 p. ;$c22 cm 490 1 $aLe point théologique ;$v63 504 $aBibliografia in nota. 650 14$aPapi$xPrimato.$0(OLS)http://pul/subject/201 650 4$aChiesa$xUnità.$0(OLS)http://pul/subject/2342 830 3$aLe point théologique ;$v63.$0(OLS)http://pul/title/10197 850 $aPUL 852 $aPUL$W1$xSL Religione 2$y84$mTheol A14 63$j147229$qStampati Altre Collocazioni$B145893$CPULBib$Z2$F145893 $H118704 $82 941 1 $a10 996 $6020$a978-2-7010-1571-2$9(OLS)http://pul/number/148627 996 $6245$aLa primauté de l'évêque de Rome et l'unité de l'église du Christ$9(OLS)http://pul/title/160819 996 $6260$aParis :$bBeauchesne$9(OLS)http://pul/publisher/48115 LEADER 01709nam a2200361 u 4500 001 000000113766 003 CaOOAMICUS 005 20081104120204.0 008 081104s1998 enk u000 u eng r 020 $a0-19-875103-6 040 $aPUL$bita$dLDB 041 1 $aeng$hgrc 100 0 $aAristoteles,$d384-322 a.C.$0(OLS)http://pul/name/792 240 10$aEthica Nicomachea.$kGruppi, scelte$lInglese.$0(OLS)http://pul/title/142957 245 10$aNichomachean Ethics :$bbooks VIII and IX /$cAristotle ; translated with a commentary by Michael Pakaluk. 260 $aOxford :$bClarendon Press,$cc1998. 300 $axii, 239 p. ;$c22 cm 490 1 $aClarendon Aristotle series 504 $aInclude riferimenti bibliografici ed indici. 600 04$aAristoteles,$d384-322 a.C.$tEthica Nicomachea$xCommenti.$0(OLS)http://pul/subject/34874 700 1 $aPakaluk, Michael.$0(OLS)http://pul/name/70175 700 0 $aAristoteles,$d384-322 a.C.$tEthica Nicomachea.$0(OLS)http://pul/nameTitle/252$0(OLS)http://pul/name/792$0(OLS)http://pul/title/39835 830 0$aClarendon Aristotle series.$0(OLS)http://pul/title/106238 850 $aPUL 852 $aPUL$W1$xSL Filosofia 3$y81$m171 PAKMI 1$j129970$qDDC 21$B129041$CPULBib$Z2$F129041 $H108575 $82 900 $aAristotle,$d 384-322 a.C.$9792 900 $aAristotele,$d384-322 a.C.$9792 900 $aAristotle,$d 384-322 a.C.$9792 900 $aAristotele,$d384-322 a.C.$9792 941 1 $a9 996 $6020$a0-19-875103-6$9(OLS)http://pul/number/139090 996 $6245$aNichomachean Ethics :$bbooks VIII and IX$9(OLS)http://pul/title/142956 996 $6260$aOxford :$bClarendon Press$9(OLS)http://pul/publisher/48412 LEADER 00973nam a2200277 u 4500 001 000000057344 003 CaOOAMICUS 005 20070226120555.0 008 010508s1961 it u000 u ita u 035 $a10887685 040 $aPUL(R)$bita 100 1 $aGennaro, Giuliano,$cO.F.M.$0(OLS)http://pul/name/40062 245 13$aIl Cristo nella Chiesa /$cGiuliano Gennaro. 260 $aRoma :$bBelardetti,$c1961. 300 $axvi, 187 p. ;$c21 cm 600 04$aIesus Christus.$0(OLS)http://pul/subject/207 650 4$aChiesa (teologia).$0(OLS)http://pul/subject/10200 850 $aPUL 852 $aPUL$W1$xDP2 Religione 1$y63$m62 D 27$j75034$nBK-PRI$qStampati$B75034$CPULBib$Z2$F75034 $82 941 1 $a8 960 $aCristologia$9207 960 $aCristologia$9207 960 $aGesù Cristo$9207 961 $aINV: 24810 996 $6245$aIl Cristo nella Chiesa$9(OLS)http://pul/title/76777 996 $6260$aRoma :$bBelardetti$9(OLS)http://pul/publisher/53325